<?xml version="1.0" encoding="UTF-8"?>
<record
    xmlns:xsi="http://www.w3.org/2001/XMLSchema-instance"
    xsi:schemaLocation="http://www.loc.gov/MARC21/slim http://www.loc.gov/standards/marcxml/schema/MARC21slim.xsd"
    xmlns="http://www.loc.gov/MARC21/slim">

  <leader>00990nam a22001697a 4500</leader>
  <datafield tag="010" ind1=" " ind2=" ">
    <subfield code="a">HIN-129486</subfield>
  </datafield>
  <datafield tag="020" ind1=" " ind2=" ">
    <subfield code="a">9789386303585</subfield>
    <subfield code="c">295.00</subfield>
  </datafield>
  <datafield tag="035" ind1=" " ind2=" ">
    <subfield code="a">HN-101832</subfield>
  </datafield>
  <datafield tag="037" ind1=" " ind2=" ">
    <subfield code="b">DBAD</subfield>
  </datafield>
  <datafield tag="082" ind1=" " ind2=" ">
    <subfield code="a">363.20954</subfield>
  </datafield>
  <datafield tag="100" ind1=" " ind2=" ">
    <subfield code="a">&#x930;&#x93E;&#x91C;&#x947;&#x928;&#x94D;&#x926;&#x94D;&#x930; &#x915;&#x941;&#x92E;&#x93E;&#x930; </subfield>
    <subfield code="9">79501</subfield>
  </datafield>
  <datafield tag="245" ind1=" " ind2=" ">
    <subfield code="a">&#x92A;&#x941;&#x932;&#x93F;&#x938; &#x905;&#x928;&#x941;&#x938;&#x902;&#x927;&#x93E;&#x928; &#x938;&#x947; &#x905;&#x92D;&#x93F;&#x92F;&#x94B;&#x91C;&#x928; &#x924;&#x915; (&#x915;&#x947;&#x938; &#x938;&#x94D;&#x91F;&#x921;&#x940;&#x91C; ) :</subfield>
    <subfield code="c">&#x930;&#x93E;&#x91C;&#x947;&#x928;&#x94D;&#x926;&#x94D;&#x930; &#x915;&#x941;&#x92E;&#x93E;&#x930; </subfield>
    <subfield code="b">&#x91C;&#x94D;&#x91E;&#x93E;&#x928; &#x92A;&#x94D;&#x930;&#x932;&#x947;&#x916;&#x928; &#x915;&#x947; &#x92E;&#x93E;&#x927;&#x94D;&#x92F;&#x92E; &#x938;&#x947; &#x915;&#x94C;&#x936;&#x932; &#x935;&#x93F;&#x915;&#x93E;&#x938; &#x915;&#x93E; &#x905;&#x92D;&#x93F;&#x928;&#x935; &#x92A;&#x94D;&#x930;&#x92F;&#x93E;&#x938; /</subfield>
  </datafield>
  <datafield tag="260" ind1=" " ind2=" ">
    <subfield code="a">&#x92D;&#x94B;&#x92A;&#x93E;&#x932; </subfield>
    <subfield code="b">&#x907;&#x902;&#x926;&#x94D;&#x930;&#x93E; &#x92A;&#x92C;&#x94D;&#x932;&#x93F;&#x936;&#x93F;&#x902;&#x917; &#x939;&#x93E;&#x909;&#x938; </subfield>
    <subfield code="c">2019</subfield>
  </datafield>
  <datafield tag="270" ind1=" " ind2=" ">
    <subfield code="a">&#x90F; -5/21, &#x90F;&#x930;&#x93F;&#x92F;&#x93E; &#x915;&#x949;&#x932;&#x94B;&#x928;&#x940;  &#x939;&#x92C;&#x940;&#x92C;&#x917;&#x902;&#x91C; &#x92A;&#x941;&#x932;&#x93F;&#x938; &#x938;&#x94D;&#x91F;&#x947;&#x936;&#x928; &#x930;&#x94B;&#x921; ,</subfield>
    <subfield code="b">&#x92D;&#x94B;&#x92A;&#x93E;&#x932; </subfield>
    <subfield code="e">462016</subfield>
  </datafield>
  <datafield tag="300" ind1=" " ind2=" ">
    <subfield code="a">216&#x92A;&#x943;.</subfield>
    <subfield code="c">23&#x938;&#x947;&#x92E;&#x940; (&#x905;&#x91C;&#x93F;&#x932;&#x94D;&#x926;)</subfield>
  </datafield>
  <datafield tag="942" ind1=" " ind2=" ">
    <subfield code="2">ddc</subfield>
    <subfield code="c">HN</subfield>
    <subfield code="h">363.20954</subfield>
    <subfield code="m">&#x930;&#x93E;&#x91C;&#x947;&#x928;&#x94D;&#x926;&#x94D;&#x930; </subfield>
  </datafield>
  <datafield tag="999" ind1=" " ind2=" ">
    <subfield code="c">210222</subfield>
    <subfield code="d">210222</subfield>
  </datafield>
  <datafield tag="952" ind1=" " ind2=" ">
    <subfield code="0">0</subfield>
    <subfield code="1">0</subfield>
    <subfield code="4">0</subfield>
    <subfield code="7">0</subfield>
    <subfield code="8">NFIC</subfield>
    <subfield code="a">RC3SP</subfield>
    <subfield code="b">RC3SP</subfield>
    <subfield code="d">2025-03-11</subfield>
    <subfield code="e">DBAD</subfield>
    <subfield code="g">295.00</subfield>
    <subfield code="l">0</subfield>
    <subfield code="o">363.20954 &#x930;&#x93E;&#x91C;&#x947;&#x928;&#x94D;&#x926;&#x94D;&#x930; </subfield>
    <subfield code="p">HN-101832</subfield>
    <subfield code="r">2025-03-11 00:00:00</subfield>
    <subfield code="t">1</subfield>
    <subfield code="v">295.00</subfield>
    <subfield code="w">2025-03-11</subfield>
    <subfield code="y">HN</subfield>
  </datafield>
</record>
